| 000 | 00000nam 2200000zi 4500 |
| 001 | 9.945424 |
| 003 | CaOODSP |
| 005 | 20241127082455 |
| 006 | m o d f |
| 007 | cr mn||||||||| |
| 008 | 241121t19821982oncd o f000 0|eng d |
| 020 | |z0662120450 |
| 040 | |aCaOODSP|beng|erda|cCaOODSP |
| 043 | |an-cn--- |
| 086 | 1 |aCo22-34/1982E-PDF |
| 086 | 1 |zCo22-34/1982E |
| 245 | 04|aThe electronic office in Canada. |
| 264 | 1|a[Ottawa] : |bGovernment of Canada, Department of Communications = Gouvernement du Canada, Ministère des Communications, |cMay 1982. |
| 264 | 4|c©1982 |
| 300 | |a1 online resource (40 pages) : |bgraphs |
| 336 | |atext|btxt|2rdacontent |
| 337 | |acomputer|bc|2rdamedia |
| 338 | |aonline resource|bcr|2rdacarrier |
| 500 | |aDigitized edition from print [produced by Innovation, Science and Economic Development Canada]. |
| 500 | |aIssued also in French under title: L'avenement du bureau électronique au Canada. |
| 650 | 0|aTechnology and state|zCanada. |
| 650 | 0|aElectronic office machines|zCanada. |
| 650 | 0|aOffice practice|xAutomation|xGovernment policy|zCanada. |
| 710 | 1 |aCanada. |bDepartment of Communications, |eissuing body. |
| 775 | 08|tL'avenement du bureau électronique au Canada.|w(CaOODSP)9.945428 |
| 856 | 40|qPDF|s2.63 MB|uhttps://publications.gc.ca/collections/collection_2024/isde-ised/co22/Co22-34-1982-eng.pdf |